000
00237nam a22001097a 4500
082
_a
808.3 LIN'P
100
_a
LINDGREEN, ASTRID
_9
57747
245
_a
PIPPI GOES ABOARD
260
_a
LONDON
_b
OXFORD
_c
1956
300
_a
119P
942
_c
BK
999
_c
568011
_d
568011